Tản Đà tuyển chọn và trích dẫn những bài phê bình, bình luận văn học của các nhà văn, nghiên cứu Việt Nam và thế giới

Enregistré dans:
Détails bibliographiques
Auteur principal: Vũ Tiến Quỳnh (biên soạn)
Format: Livre
Publié: Khánh Hòa Tổng hợp Khánh Hòa 1991
Collection:Phê bình, bình luận văn học
Sujets:
Tags: Ajouter un tag
Pas de tags, Soyez le premier à ajouter un tag!
Thư viện lưu trữ: Trung tâm Học liệu Lê Vũ Hùng, Trường Đại học Đồng Tháp
LEADER 00957pam a22002658a 4500
001 00018231
005 20171026081022.0
008 110425s1991 ||||||Viesd
041 0 # |a Vie 
082 1 4 |a 809.007  |b T105Đ 
100 0 # |a Vũ Tiến Quỳnh  |e biên soạn 
245 0 0 |a Tản Đà  |b tuyển chọn và trích dẫn những bài phê bình, bình luận văn học của các nhà văn, nghiên cứu Việt Nam và thế giới  |c Vũ Tiến Quỳnh 
260 # # |a Khánh Hòa  |b Tổng hợp Khánh Hòa  |c 1991 
300 # # |a 110 tr.  |c 21 cm. 
490 # # |a Phê bình, bình luận văn học 
650 # 4 |a Tản Đà 
653 # # |a Phê bình văn học 
653 # # |a Việt Nam 
852 # # |b Kho đọc  |j KD.0003722 
852 # # |j KD.0003722 
910 |d 25/04/2011 
980 # # |a Trung tâm Học liệu Lê Vũ Hùng, Trường Đại học Đồng Tháp